Nos Chères Professeurs - Statistiques

Statistiques générales
  • Ce quiz a été pris 7 fois
    4 depuis la dernière actualisation
  • Le résultat moyen est 6 sur 15
Statistiques - réponses
Hint Réponse % Correct
Mais ça ce n'est que le fruit de l'acquisition d'uneméthodologie simple et pleine de rigueur Moi je peux vous en donner du réseau hein, je peux aussi Faire un procès à n'importe lequel de mes anciens profs et fermer des CHU quand ça me chante Allez pas voir ces marrabouts de Barral et compagnie c'est pas de l'ostéopathie ça... Gilles Coutinho
100%
Bon aujourd'hui j'ai décidé que j'avais la flemme de vousfaire le cours du coup vous allez le faire à ma place hein Moi littéralement ce que je faisais à l'époque c'était me claquer des Dog avec les potes en même temps de se miner la gueule quoi Antoine Chollet
67%
Bah alors Baptiste ? T'es où Baptiste ?Vésicaa ! Merde quoi il y a pas moyen de voir 2, 3 tronches là? Franchement ceux qui mettent pas leur caméra ben je trouve ça nul en fait... Hop have a break, prenez tous un p'tit kit kat ! Benjamin Lazerges
67%
D'après Mr Chapalain, je suis le meilleur élément decette école Hakim Mdabi
67%
A la bonne heure les cocos ! A la bonne heure !Bah t'es où mon coco ? Et surtout soyez heureux ! Il est malin cet animal La vérité n'est qu'un gigantesque miroir dont chacun possède un p'tit morceau Simon Chapalain
67%
Non mais on juge pas hein, juste le contexteAllez on se la remet juste pour le fun ? Bon allez encore une fois, mais c'est la dernière hein Moi j'adore voir quand l'étudiant ben voit il hésite pas à venir bien palper généreusement la, à venir pénétrer développé les tissus, la chaire du patient, hoouuff mon dieu j'adore ça Alexis Guéry
33%
Et surtout n'oubliez pas, on rempli les casesSi on ne me répond pas je mets un point d'intérrogation... Alors mystère ... Brigitte Dupond
33%
Ca va tout le monde?Et il claque ! Jean François Marchand
33%
Alors notez le en rouge, soulignez le, surlignez leparce que c'est très important, hein là dessus Et quand je vois ca en clinique alors là ya rien de plus qui m'énerve... notez bien là dessus Nolan! Je te vois dormir depuis tout à l'heure, tu passes à l'anamnèse Franck Sutre
33%
Bon on va appeler... Spielberg là...Ben j'étais en voiture, il m'est rentré dedans, il a voulu jouer j'ai gagné il a perdu Joël Lemaître
33%
T'es bien foutu...Tic et Tac, vous venez par ici Ah voila Ansel et Gretel Malo Richeux
33%
Bah t'as mal au cul gamin! Simon Parizet
33%
Je suis clair la dessus? Et j'ai absolument besoin de ces ELEMENTS Yann Keromnes
33%
Faudra pas qu'il s'étonne quand il verra sa noteMathis tu me fais un coude en dysfonction d'ABD Eloïse Jouanguy
0%
Hop le diable dans la poche! Dina
0%
Aucun quiz correspondant
Distribution des résultats
% des personnes avec chaque résultat
Percentile par nombre de réponses
Votre historique - résultats
Vous n’avez pas pris ce quiz depuis la dernière actualisation